|
|
|
|
| LEADER |
00000nam0a2200000 4500 |
| 001 |
294646 |
| 005 |
20231102000725.0 |
| 020 |
|
|
|a RU
|b 83-56767
|
| 035 |
|
|
|a (RuTPU)RU\TPU\book\319719
|
| 090 |
|
|
|a 294646
|
| 100 |
|
|
|a 20150514d1983 k y0rusy5003 ca
|
| 101 |
0 |
|
|a rus
|
| 102 |
|
|
|a RU
|
| 105 |
|
|
|a a z 001zy
|
| 200 |
1 |
|
|a Физико-химические основы создания аморфных металлических сплавов
|f Ю. К. Ковнеристый, Э. К. Осипов, Е. А. Трофимова
|g Академия наук СССР (АН СССР), Институт металлургии им. А. А. Байкова (ИМЕТ)
|
| 210 |
|
|
|a Москва
|c Наука
|d 1983
|
| 215 |
|
|
|a 145 с.
|c ил.
|
| 320 |
|
|
|a Библиогр.: с. 135-144
|
| 606 |
1 |
|
|a Сплавы аморфные
|x Физико-механические свойства
|2 stltpush
|3 (RuTPU)RU\TPU\subj\55952
|9 73903
|
| 610 |
1 |
|
|a металлические системы
|
| 610 |
1 |
|
|a структурные модели
|
| 610 |
1 |
|
|a металлические сплавы
|
| 610 |
1 |
|
|a охлаждение
|
| 610 |
1 |
|
|a получение
|
| 610 |
1 |
|
|a применение
|
| 610 |
1 |
|
|a использование
|
| 675 |
|
|
|a 669.018:539.213
|z rus
|v 4
|
| 700 |
|
1 |
|a Ковнеристый
|b Ю. К.
|4 070
|
| 701 |
|
1 |
|a Осипов
|b Э. К.
|
| 701 |
|
1 |
|a Трофимова
|b Е. А.
|
| 712 |
0 |
2 |
|a Академия наук СССР (АН СССР)
|b Институт металлургии им. А. А. Байкова (ИМЕТ)
|c (Москва)
|2 stltpush
|3 (RuTPU)RU\TPU\col\312
|
| 801 |
|
0 |
|a RU
|b RuMRKP
|c 19950704
|g psbo
|
| 801 |
|
1 |
|a RU
|b 63413507
|c 20150514
|
| 801 |
|
2 |
|a RU
|b 63413507
|c 20170721
|g RCR
|
| 942 |
|
|
|c BK
|